000
00291nam a22001217a 4500
003
SGT
082
_a
618.1
_b
P13B
100
_a
BLUMENTHAL, PAUL D.
245
_a
A PRACTICAL GUIDE TO OFFICE GYNECOLOGICAL PROCEDURES
260
_a
INDIA
_b
WOLTER
_c
2013
300
_a
185
942
_2
ddc
_c
BK
_0
1
999
_c
14949
_d
14949